Statistics for 5 Biggest Cities : Uganda

Click here to take the quiz!

General Stats

  • This quiz has been taken 40 times
  • The average score is 2 of 5

Answer Stats

Rank City % Correct
1Kampala
100%
2Gulu
36%
5Jinja
36%
3Lira
15%
4Mbarara
15%

Score Distribution

Percentile by Number Answered

Percent of People with Each Score

Your Score History

You have not taken this quiz